[Event "Druzynowe Mistrzostwa Polski Juniorow 2018 - II Liga"]
[Site "Szczyrk"]
[Date "1899-12-30"]
[Round "2.63"]
[White "Kozlowski, Michal"]
[Black "Wojtasik, Szymon"]
[Result "1-0"]
[WhiteTitle "I"]
[BlackTitle "II"]
[WhiteElo "1742"]
[BlackElo "1343"]

1. e4 c5 2. Nf3 Nc6 3. d4 cxd4 4. Nxd4 g6 5. c4 Nf6 6. Nc3 d6 7. Be2 Nxd4 8. Qxd4
Bg7 9. Be3 O-O 10. Qd1 a5 11. f3 Be6 12. O-O Nd7 13. Rc1 Nc5 14. b3 f5 15. Bd4
Bh6 16. Rb1 fxe4 17. fxe4 Rf7 18. Bf3 Qc8 19. Qe2 Nd7 20. Nd5 Bxd5 21. exd5 Bg7
22. Bxg7 Qc5+ 23. Kh1 Kxg7 24. Bg4 Ne5 25. Rxf7+ Kxf7 26. Rf1+ Kg7 27. Be6 Rf8
28. Rxf8 Kxf8 29. Qd2 Kg7 30. h3 h6 31. Qe1 b6 32. Qh4 Qc7 33. Qd4 Qa7 34. h4
Qc7 35. h5 g5 36. Bf5 Qa7 37. Bc2 Qc7 38. Qe4 Kf8 39. Qh7 Ng4 40. Bg6 Nf2+ 41.
Kh2 Ng4+ 42. Kg3 e5 43. Qxc7 1-0

[Event "Druzynowe Mistrzostwa Polski Juniorow 2018 - II Liga"]
[Site "Szczyrk"]
[Date "1899-12-30"]
[Round "2.64"]
[White "Chrobot, Tomasz"]
[Black "Strepikowski, Pawel"]
[Result "0-1"]
[WhiteTitle "IV"]
[BlackTitle "II"]
[WhiteElo "1033"]
[BlackElo "1487"]

1. d4 d6 2. Nf3 Nf6 3. Bf4 g6 4. Qd2 Bg7 5. Nc3 Nbd7 6. O-O-O c5 7. d5 a6 8. a3
b5 9. Na2 Bb7 10. e3 Nxd5 11. Be2 N7b6 12. c3 Na4 13. Kc2 Rc8 14. Rc1 b4 15. Kd1
b3 16. Bxa6 Bxa6 17. Qxd5 Nxb2+ 18. Ke1 bxa2 19. Qxa2 Nd3+ 20. Kd1 Nxc1 21. Kxc1
Bxc3 22. Bh6 Rb8 23. Qc2 Bb2+ 24. Kd1 Qb6 25. Nd2 Bxa3 26. Qc3 Qb2 27. Qxb2 Bxb2
28. Kc2 Kd7 29. Rb1 Bf6 30. Ne4 Bd3+ 31. Kxd3 Rxb1 32. Nxf6+ exf6 33. Bg7 Ra8
34. Bxf6 Ra2 35. Bh4 Rbb2 36. h3 Rxf2 37. Bxf2 Rxf2 38. g4 d5 39. h4 c4+ 40. Kd4
Rd2+ 41. Ke5 Ke7 42. e4 d4 43. Kd5 c3 44. Kc4 c2 45. Kd5 Qc1 46. e5 d3 47. Kd4
Qc2 48. e6 Re2 49. exf7 d2 50. Bf8+ Kxf8 51. g5 Rd1# 0-1

[Event "Druzynowe Mistrzostwa Polski Juniorow 2018 - II Liga"]
[Site "Szczyrk"]
[Date "1899-12-30"]
[Round "2.65"]
[White "Daliga, Anita"]
[Black "Matyjasek, Michalina"]
[Result "1-0"]
[WhiteTitle "I+"]
[BlackTitle "I"]
[WhiteElo "1605"]
[BlackElo "1357"]

1. e4 c5 2. Nc3 Nc6 3. d3 g6 4. g3 Bg7 5. Bg2 e6 6. Nf3 d6 7. O-O Nge7 8. Be3 Nd4
9. Qd2 Nec6 10. Nd1 O-O 11. c3 Nxf3+ 12. Bxf3 Rb8 13. Bh6 Ne5 14. Be2 d5 15. Bxg7
Kxg7 16. f4 Nc6 17. e5 Qa5 18. Nf2 f6 19. exf6+ Rxf6 20. Ng4 Rf8 21. Bf3 Bd7 22.
Qe2 Rbe8 23. Ne5 Nxe5 24. Qxe5+ Kg8 25. d4 Rf5 26. Qe3 cxd4 27. Qxd4 Bc6 28. Rae1
e5 29. Rxe5 Rexe5 30. fxe5 Qxa2 31. Rf2 Qa5 32. Kg2 a6 33. Re2 Qd8 34. c4 Kh8
35. Bxd5 Bxd5+ 36. cxd5 Kg8 37. d6 Rf8 38. e6 Re8 39. Qd5 Kh8 40. e7 Qd7 41. Qe5+
Kg8 42. Rc2 Qa4 43. Rc7 1-0

[Event "Druzynowe Mistrzostwa Polski Juniorow 2018 - II Liga"]
[Site "Szczyrk"]
[Date "1899-12-30"]
[Round "2.66"]
[White "Zajac, Aleksandra"]
[Black "Filipiak, Magdalena"]
[Result "1-0"]
[WhiteTitle "III"]
[BlackTitle "I"]
[WhiteElo "1000"]
[BlackElo "1231"]

1. e4 c5 2. Nf3 Nc6 3. d4 cxd4 4. Nxd4 g6 5. Nc3 Bg7 6. Be3 Nf6 7. Bc4 d6 8. f3
Qb6 9. Qd2 Nxe4 10. fxe4 Nxd4 11. O-O-O e5 12. Nd5 Qc6 13. Qd3 a5 14. Bxd4 exd4
15. Bb5 Kd8 16. Bxc6 bxc6 17. Nb6 Rb8 18. Nxc8 Kxc8 19. Qa6+ Kd8 20. Qxc6 d3 21.
Qxd6+ Kc8 22. Qc6+ Kd8 23. Rxd3+ Ke7 24. Rd7+ Kf8 25. Qd6+ Ke8 26. Qe7# 1-0

[Event "Druzynowe Mistrzostwa Polski Juniorow 2018 - II Liga"]
[Site "Szczyrk"]
[Date "1899-12-30"]
[Round "2.67"]
[White "Krzywnicka, Maria"]
[Black "Dzwierzynski, Bartosz"]
[Result "0-1"]
[WhiteTitle "I++"]
[BlackTitle "I"]
[WhiteElo "1845"]
[BlackElo "1815"]

1. e4 c5 2. d3 d6 3. g3 Nc6 4. Bg2 g6 5. Nc3 Bg7 6. Be3 e6 7. Qd2 Nd4 8. Nd1 e5
9. c3 Ne6 10. Ne2 Ne7 11. O-O O-O 12. Bh6 Rb8 13. Bxg7 Kxg7 14. Ne3 b5 15. f4
exf4 16. Nxf4 Nxf4 17. Rxf4 f5 18. Raf1 Qc7 19. Qf2 Qd8 20. exf5 Bxf5 21. Nxf5+
Rxf5 22. Bh3 Rxf4 23. Qxf4 Ng8 24. Qf7+ Kh8 25. Qxa7 Ra8 26. Qb7 Rb8 27. Qf7 b4
28. c4 Ra8 29. Qb7 Rb8 30. Qd5 Qe7 31. Qe6 Ra8 32. Qxe7 Nxe7 33. Rf7 Nf5 34. Bxf5
gxf5 35. Rxf5 Rxa2 36. Rf2 Ra1+ 37. Kg2 Rd1 38. Rc2 Rxd3 39. Kf2 b3 40. Re2 Rd4
41. Re3 Rd2+ 42. Re2 Rc2 43. Ke3 Rxc4 44. Kd3 Rc1 45. Re8+ Kg7 46. Rb8 c4+ 47.
Kd4 Rc2 48. Rb4 Rxh2 49. Kxc4 Rxb2 50. Rb7+ Kg6 51. Rb6 Kf5 52. Rxd6 h5 53. Rd1
Kg4 54. Rg1 Kh3 55. Rh1+ Rh2 56. Rg1 0-1

[Event "Druzynowe Mistrzostwa Polski Juniorow 2018 - II Liga"]
[Site "Szczyrk"]
[Date "1899-12-30"]
[Round "2.68"]
[White "Kiszka, Arkadiusz"]
[Black "Gozdzicki, Maciej"]
[Result "0-1"]
[WhiteTitle "II"]
[BlackTitle "II+"]
[WhiteElo "1592"]
[BlackElo "1699"]

1. c4 Nf6 2. Nf3 e6 3. Nc3 d5 4. cxd5 exd5 5. d4 Bd6 6. Bg5 c6 7. Qc2 O-O 8. e3
Nbd7 9. Bd3 Be7 10. O-O Re8 11. Rab1 Nf8 12. Ne5 Ne4 13. Bxe7 Qxe7 14. Nxe4 dxe4
15. Bc4 Be6 16. b4 f6 17. Bxe6+ Nxe6 18. Nc4 Nc7 19. Nd2 Kh8 20. a4 Rac8 21. Rfc1
Nd5 22. Qb3 f5 23. b5 f4 24. bxc6 bxc6 25. Nf1 f3 26. Qb7 Rc7 27. Qa6 Nb4 28.
Qa5 Nd3 29. Rc2 c5 30. dxc5 Rc6 31. Qb5 fxg2 32. Ng3 Ne5 33. Qb7 Nf3+ 34. Kxg2
Qxb7 35. Rxb7 Ne1+ 36. Kf1 Nxc2 37. Nxe4 h6 38. Nd6 Rf8 39. Ke2 Rxc5 40. Rxa7
Nb4 41. f4 Rc6 42. Nb5 Ra6 43. Rb7 Rxa4 44. Nc3 Ra3 0-1

[Event "Druzynowe Mistrzostwa Polski Juniorow 2018 - II Liga"]
[Site "Szczyrk"]
[Date "1899-12-30"]
[Round "2.69"]
[White "Majdanski, Maksymilian"]
[Black "Tokarz, Izabela"]
[Result "1-0"]
[WhiteTitle "I"]
[BlackTitle "I"]
[WhiteElo "1751"]
[BlackElo "1411"]

1. c4 c5 2. Nc3 d6 3. g3 Nf6 4. Bg2 Nc6 5. e3 g6 6. Nge2 Bg7 7. O-O Be6 8. b3 Qc8
9. Re1 h5 10. h4 O-O 11. d4 cxd4 12. exd4 Bf5 13. Ba3 Re8 14. Rc1 Bh6 15. f4 Bh3
16. d5 Bxg2 17. Kxg2 Nb8 18. Nd4 Nbd7 19. Rc2 Nf8 20. Ne4 Nxe4 21. Rxe4 Nh7 22.
c5 dxc5 23. Rxc5 Qd7 24. Nb5 Rac8 25. Nxa7 Rxc5 26. Bxc5 Nf6 27. Rd4 Qc7 28. b4
b6 29. Nb5 Qb8 30. a4 bxc5 31. bxc5 Rd8 32. c6 Qb6 33. c7 Rc8 34. d6 Qc6+ 35.
Kg1 exd6 36. Rxd6 Qc5+ 37. Kg2 Kg7 38. Qa1 Qc2+ 39. Kg1 Qf5 40. Qe5 Qxe5 41. fxe5
Ne8 42. Rd8 Rxc7 43. Nxc7 Nxc7 44. Rd7 Ne6 45. Kf2 Bc1 46. a5 Ba3 47. a6 Bc5+
48. Kf3 Kf8 49. a7 Bxa7 50. Rxa7 Kg7 51. Ke4 g5 52. hxg5 Nxg5+ 53. Kf5 Ne6 54.
Re7 Nd4+ 55. Kg5 Ne6+ 56. Rxe6 fxe6 57. Kxh5 Kh7 58. g4 Kg7 59. g5 Kh7 60. g6+
Kg7 61. Kg5 Kg8 62. Kf6 Kf8 63. Kxe6 Kg7 64. Kd7 Kxg6 65. e6 Kf6 66. e7 1-0

[Event "Druzynowe Mistrzostwa Polski Juniorow 2018 - II Liga"]
[Site "Szczyrk"]
[Date "1899-12-30"]
[Round "2.70"]
[White "Partyka, Justyna"]
[Black "Trybowska, Barbara"]
[Result "0-1"]
[WhiteTitle "II"]
[BlackTitle "I++"]
[WhiteElo "1141"]
[BlackElo "1755"]

1. d4 e6 2. c4 Nf6 3. Nf3 Bb4+ 4. Nc3 O-O 5. Bg5 h6 6. Bh4 d5 7. e3 c6 8. Qc2 Nbd7
9. a3 Be7 10. Bd3 dxc4 11. Bxc4 b5 12. Bd3 Bb7 13. O-O Rc8 14. Rac1 a6 15. Rfd1
Qb6 16. e4 c5 17. Be2 cxd4 18. Nxd4 Bxe4 19. Qb3 Nc5 20. Qa2 Bh7 21. b4 Nce4 22.
Nxe4 Bxe4 23. Bf3 Rxc1 24. Rxc1 Qxd4 25. Rd1 Bd5 0-1

[Event "Druzynowe Mistrzostwa Polski Juniorow 2018 - II Liga"]
[Site "Szczyrk"]
[Date "1899-12-30"]
[Round "2.71"]
[White "Wojtowicz, Gabriela"]
[Black "Gorska, Marcelina"]
[Result "1-0"]
[WhiteTitle "II"]
[BlackTitle "IV"]
[WhiteElo "1000"]
[BlackElo "1000"]

1. d4 d5 2. e3 e6 3. f4 f6 4. c3 Bd6 5. Nf3 Ne7 6. Bd3 O-O 7. O-O f5 8. Bd2 Ng6
9. Be1 Nd7 10. Ne5 Ndxe5 11. fxe5 Be7 12. Nd2 b6 13. Qh5 Bd7 14. Qe2 c5 15. Nf3
cxd4 16. exd4 Qc7 17. Bd2 Rf7 18. Bg5 Qd8 19. Qd2 Bxg5 20. Qxg5 Qxg5 21. Nxg5
Rff8 22. a4 h6 23. Nf3 a6 24. b3 Nf4 25. Bc2 Ne2+ 26. Kf2 Nxc3 27. Ke1 Rfc8 28.
h3 b5 29. Nd2 a5 30. Nb1 bxa4 31. bxa4 Rc4 32. Nxc3 Rxc3 33. Bd1 Rc4 34. Rf2 Rxd4
35. Re2 Be8 36. Bc2 g5 37. g3 f4 38. gxf4 Rxf4 39. Rf2 Rh4 40. Ra3 g4 41. hxg4
Rxg4 42. Rf6 h5 43. Rxe6 h4 44. Rd6 Rc8 45. Bf5 Rc1+ 46. Kd2 Rgc4 47. Be6+ 1-0

[Event "Druzynowe Mistrzostwa Polski Juniorow 2018 - II Liga"]
[Site "Szczyrk"]
[Date "1899-12-30"]
[Round "2.72"]
[White "Marczak, Szymon"]
[Black "Burdzicki, Jan"]
[Result "0-1"]
[WhiteTitle "I+"]
[BlackTitle "II+"]
[WhiteElo "1954"]
[BlackElo "1613"]

1. e4 e6 2. c4 d5 3. exd5 exd5 4. cxd5 Nf6 5. Bb5+ Nbd7 6. Nc3 Bd6 7. Qe2+ Qe7
8. Qxe7+ Bxe7 9. d4 Bb4 10. Bd2 O-O 11. Bxd7 Bxd7 12. Nge2 Rfe8 13. O-O-O Rad8
14. Bg5 Be7 15. Bf4 Bd6 16. Bxd6 cxd6 17. Ng3 h5 18. f3 Rc8 19. Kb1 b5 20. a3
a5 21. Nce4 Nxe4 22. Nxe4 Bf5 23. Rhe1 Kf8 24. Rd2 Ke7 25. Rc1 Kd7 26. Rxc8 Rxc8
27. Ka2 f6 28. Nc3 Rb8 29. b4 a4 30. h3 h4 31. Kb2 Bh7 32. f4 Bf5 33. Re2 Bd3
34. Rd2 Bf5 35. Re2 Bd3 36. Rd2 Bf5 37. Nd1 Re8 38. Nc3 Rb8 39. Re2 Bd3 40. Re3
Bc4 0-1

[Event "Druzynowe Mistrzostwa Polski Juniorow 2018 - II Liga"]
[Site "Szczyrk"]
[Date "1899-12-30"]
[Round "2.73"]
[White "Gworys, Grzegorz"]
[Black "Franek, Krzysztof"]
[Result "1-0"]
[WhiteTitle "II"]
[BlackTitle "III"]
[WhiteElo "1534"]
[BlackElo "1156"]

1. e4 b6 2. d4 Bb7 3. Bd3 e6 4. Nf3 c5 5. c3 Nf6 6. Qe2 d5 7. e5 Ne4 8. Nbd2 f5
9. exf6 Nxf6 10. Ng5 Bc8 11. Nxe6 Bxe6 12. Qxe6+ Qe7 13. Bb5+ Nbd7 14. Bxd7+ Nxd7
15. Qxe7+ Bxe7 16. O-O O-O 17. Nf3 Bd6 18. Bg5 Rae8 19. Rae1 h6 20. Bh4 Nf6 21.
Ne5 g5 22. Bg3 Ne4 23. f3 Nxg3 24. hxg3 Kg7 25. f4 Rf5 26. Rf3 g4 27. Rfe3 cxd4
28. cxd4 Bb4 29. R1e2 Rc8 30. Nxg4 Rc1+ 31. Kf2 Rd1 32. Re5 Rxe5 33. dxe5 Bc5+
34. Kf3 h5 35. Nf2 Rf1 36. g4 h4 37. g5 Kg6 38. e6 Bxf2 39. Rxf2 Re1 40. Re2 1-0

[Event "Druzynowe Mistrzostwa Polski Juniorow 2018 - II Liga"]
[Site "Szczyrk"]
[Date "1899-12-30"]
[Round "2.74"]
[White "Gabzdyl, Mateusz"]
[Black "Burdzicki, Stanislaw"]
[Result "0-1"]
[WhiteTitle "III"]
[BlackTitle "II+"]
[WhiteElo "1083"]
[BlackElo "1623"]

1. e4 c5 2. Nf3 g6 3. d4 cxd4 4. Nxd4 Nc6 5. Nc3 Bg7 6. Be3 Nf6 7. f3 O-O 8. Qd2
d5 9. Nxc6 bxc6 10. O-O-O Qa5 11. exd5 cxd5 12. Nxd5 Qxa2 13. Nxe7+ Kh8 14. c3
Rb8 15. Nc6 Qa1+ 16. Kc2 Rxb2+ 0-1

[Event "Druzynowe Mistrzostwa Polski Juniorow 2018 - II Liga"]
[Site "Szczyrk"]
[Date "1899-12-30"]
[Round "2.75"]
[White "Kaliszuk, Kamil"]
[Black "Grzybek, Mikolaj"]
[Result "1-0"]
[WhiteTitle "II"]
[BlackTitle "II"]
[WhiteElo "1457"]
[BlackElo "1375"]

1. c4 Nf6 2. Nc3 e6 3. Nf3 Be7 4. e3 c5 5. Be2 Nc6 6. O-O O-O 7. b3 b6 8. d4 d5
9. Bb2 Bb7 10. Ne5 cxd4 11. Nxc6 Bxc6 12. exd4 Rc8 13. Rc1 Qd7 14. Re1 Rfd8 15.
Bf1 dxc4 16. bxc4 Bb4 17. Qb3 Be7 18. Ne2 Ba4 19. Qg3 Bd6 20. f4 Bb4 21. d5 Bxe1
22. Rxe1 Ne8 23. Nc3 Rc7 24. Bd3 g6 25. Qh4 Bc6 26. Ne4 Qe7 27. Nf6+ Nxf6 28.
Bxf6 Qb4 29. Bxd8 Rc8 30. Bf6 h5 31. dxc6 Rxc6 32. Bd4 Rd6 33. Rb1 Qd2 34. Qf6
1-0

[Event "Druzynowe Mistrzostwa Polski Juniorow 2018 - II Liga"]
[Site "Szczyrk"]
[Date "1899-12-30"]
[Round "2.76"]
[White "Kindler, Karolina"]
[Black "Orlik, Sandra"]
[Result "1/2-1/2"]
[WhiteTitle "I++"]
[BlackTitle "I++"]
[WhiteElo "1784"]
[BlackElo "1683"]

1. b3 e5 2. Bb2 Nc6 3. Nf3 e4 4. Nd4 Nxd4 5. Bxd4 d5 6. d3 Nf6 7. g3 c5 8. Bb2
Be7 9. Bg2 O-O 10. O-O Re8 11. Nc3 exd3 12. Qxd3 d4 13. Ne4 Ng4 14. c3 Ne5 15.
Qc2 f5 16. Nd2 d3 17. exd3 Qxd3 18. Qd1 Bf6 19. Re1 Qd8 20. Nf3 Rb8 21. Nxe5 Qxd1
22. Raxd1 Rxe5 23. Rxe5 Bxe5 24. Rd5 Bf6 25. Rxc5 Kf8 26. Bc1 Be7 27. Rd5 Be6
28. Re5 Bc8 29. Bf4 Ra8 30. Rb5 a6 31. Rb6 Bc5 32. Bd6+ Bxd6 33. Rxd6 Ke7 34.
Rb6 Rb8 35. c4 Kd7 36. c5 Kc7 37. Kf1 Bd7 38. Ke2 Re8+ 39. Kd2 Bc8 40. b4 Rd8+
41. Ke3 Rd1 42. a4 Ra1 43. a5 Ra3+ 44. Kd4 Ra2 45. Ke3 Ra3+ 46. Kd4 Ra2 1/2-1/2

[Event "Druzynowe Mistrzostwa Polski Juniorow 2018 - II Liga"]
[Site "Szczyrk"]
[Date "1899-12-30"]
[Round "2.77"]
[White "Lewkowicz, Zuzanna"]
[Black "Gren, Kinga"]
[Result "0-1"]
[WhiteTitle "II"]
[BlackTitle "II+"]
[WhiteElo "1000"]
[BlackElo "1118"]

1. e4 e5 2. Nf3 Nc6 3. Nc3 Nf6 4. Bc4 Nxe4 5. Bxf7+ Kxf7 6. Nxe4 Be7 7. d4 exd4
8. Nxd4 d5 9. Nxc6 bxc6 10. Qf3+ Bf6 11. Nc5 Re8+ 12. Be3 Kg8 13. O-O-O Rf8 14.
Qg3 Qe7 15. Nd3 d4 16. Bf4 Rf7 17. Rhe1 Qd8 18. Be5 Bh4 19. Bxc7 Rxc7 20. Qe5
Re7 21. Qc5 Bg4 22. Rd2 Rxe1+ 23. Nxe1 Bg5 24. Nd3 Bxd2+ 25. Kxd2 Qf6 26. h3 Bd7
27. a4 a5 28. b4 axb4 29. Qxb4 Qg5+ 30. Kd1 Qd5 31. Nf4 Qf7 32. Qxd4 Rb8 33. a5
Rd8 34. Qb6 Bg4+ 35. Kc1 Qxf4+ 36. Kb1 Rb8 37. hxg4 Rxb6+ 38. axb6 Qb8 39. f4
Qxf4 40. c3 Qb8 41. g5 Qxb6+ 42. Kc2 Kf7 43. g6+ hxg6 44. g4 Ke6 45. g5 Kd5 46.
Kc1 Qf2 47. Kd1 Kc4 48. Kc1 Kxc3 49. Kb1 Qb2# 0-1

[Event "Druzynowe Mistrzostwa Polski Juniorow 2018 - II Liga"]
[Site "Szczyrk"]
[Date "1899-12-30"]
[Round "2.78"]
[White "Matyszkiewicz, Wiktor"]
[Black "Niemier, Hubert"]
[Result "0-1"]
[WhiteTitle "I"]
[BlackTitle "I"]
[WhiteElo "1771"]
[BlackElo "1748"]

1. e4 c5 2. Nf3 e6 3. d4 cxd4 4. Nxd4 Nc6 5. Nc3 Qc7 6. Be2 a6 7. Be3 Be7 8. O-O
Nf6 9. Kh1 O-O 10. f4 d6 11. Bf3 Nxd4 12. Qxd4 e5 13. Qd2 b5 14. Rad1 Bb7 15.
Nd5 Nxd5 16. exd5 Rad8 17. f5 Rc8 18. Be4 Qc4 19. Bd3 Qxd5 20. f6 Bxf6 21. Rxf6
gxf6 22. Qf2 f5 23. Bh6 Kh8 24. Bxf8 Rxf8 25. Rd2 e4 26. Bf1 Qe5 27. Qb6 Bd5 28.
Qd4 Qxd4 29. Rxd4 Be6 30. Rxd6 Rc8 31. c3 b4 32. Bxa6 Rc7 33. Kg1 bxc3 34. bxc3
Rxc3 35. a4 Kg7 36. Kf2 Kf6 37. Be2 Ra3 38. Rd4 Ke5 39. Rb4 e3+ 40. Kg3 Bd5 41.
Bf3 Be4 42. Bxe4 fxe4 43. Rb5+ Kd4 44. a5 Kd3 45. Rd5+ Ke2 46. Rb5 Ra2 47. h3
Ke1 48. Rb1+ Kd2 49. a6 e2 0-1

[Event "Druzynowe Mistrzostwa Polski Juniorow 2018 - II Liga"]
[Site "Szczyrk"]
[Date "1899-12-30"]
[Round "2.79"]
[White "Chaczynski, Kamil"]
[Black "Bujalski, Mateusz"]
[Result "1-0"]
[WhiteTitle "I"]
[BlackTitle "I"]
[WhiteElo "1823"]
[BlackElo "1804"]

1. e4 c5 2. Nf3 Nc6 3. d4 cxd4 4. Nxd4 Nf6 5. Nc3 e6 6. Ndb5 Bb4 7. a3 Bc5 8. b4
Bb6 9. Nd6+ Ke7 10. Be2 Bd4 11. Qd3 Bxc3+ 12. Qxc3 Kxd6 13. e5+ Ke7 14. exf6+
gxf6 15. Be3 d6 16. b5 Nb8 17. Rd1 e5 18. Bc5 Ke8 19. Bxd6 Nd7 20. Bh5 Rg8 21.
Qc4 Rg7 22. Qe6+ Qe7 23. Qxe7# 1-0

[Event "Druzynowe Mistrzostwa Polski Juniorow 2018 - II Liga"]
[Site "Szczyrk"]
[Date "1899-12-30"]
[Round "2.80"]
[White "Pancewicz, Szymon"]
[Black "Skrzypinski, Jan"]
[Result "1-0"]
[WhiteTitle "II"]
[BlackTitle "II"]
[WhiteElo "1465"]
[BlackElo "1406"]

1. e4 c5 2. Nf3 d6 3. d4 cxd4 4. Nxd4 Nf6 5. Nc3 a6 6. Bc4 e6 7. Bg5 Be7 8. Bb3
b5 9. Qf3 Bb7 10. Bxe6 fxe6 11. Nxe6 Qc8 12. Nxg7+ Kf7 13. Nf5 Qe6 14. Bxf6 Bxf6
15. O-O-O Rd8 16. Nd5 Bxd5 17. Rxd5 Nc6 18. Rhd1 Ne5 19. Qh5+ Kg8 20. Rxd6 Rxd6
21. Rxd6 Qxa2 22. Rxf6 Qa1+ 23. Kd2 Rd8+ 24. Rd6 Nc4+ 25. Ke2 Nxd6 26. Qg5+ Kf7
27. Qg7+ Ke6 28. Qe7# 1-0

[Event "Druzynowe Mistrzostwa Polski Juniorow 2018 - II Liga"]
[Site "Szczyrk"]
[Date "1899-12-30"]
[Round "2.81"]
[White "Tadych, Olgierd"]
[Black "Kycia, Marek"]
[Result "1-0"]
[WhiteTitle "II"]
[BlackTitle "II+"]
[WhiteElo "1235"]
[BlackElo "1388"]

1. e4 d5 2. exd5 Nf6 3. Nf3 Nxd5 4. Bc4 Bg4 5. h3 Bh5 6. O-O e6 7. d3 Bd6 8. Bxd5
exd5 9. Re1+ Be7 10. Bf4 O-O 11. Nbd2 Nc6 12. c3 g5 13. Bg3 f5 14. Qb3 g4 15.
hxg4 fxg4 16. Nh2 b6 17. Re2 Bc5 18. d4 Bxd4 19. Qb5 Qf6 20. Qxd5+ Bf7 21. Qe4
Rae8 22. Qxg4+ Bg6 23. Rxe8 Rxe8 24. cxd4 Nxd4 25. Nhf3 Nxf3+ 26. Nxf3 Qxb2 27.
Rd1 c5 28. Nh4 Qf6 29. Nxg6 hxg6 30. Qc4+ Kg7 31. Rd7+ Re7 32. Rxe7+ Qxe7 33.
Qc3+ Kg8 34. Qc4+ Kg7 35. Qc3+ Kg8 36. Qe3 Qd7 37. Qb3+ Kh7 38. Be5 Qf5 39. Qh3+
Qxh3 40. gxh3 c4 41. Kf1 Kg8 42. Ke2 Kf7 43. Kd2 Ke6 44. Bb8 a6 45. Bc7 b5 46.
Ba5 Ke5 47. Bc3+ Ke4 48. Ke2 Kf4 49. a3 Ke4 50. f3+ Kf4 51. Kf2 Kf5 52. Ke3 Ke6
53. Ke4 Kd6 54. Bb4+ Ke6 55. f4 Kf6 56. h4 Ke6 57. Bc3 Kf7 58. Ke5 Ke7 59. Bb4+
Kf7 60. f5 Kg7 61. f6+ Kf7 62. Bc3 Kf8 63. Ke6 Ke8 64. f7+ 1-0

[Event "Druzynowe Mistrzostwa Polski Juniorow 2018 - II Liga"]
[Site "Szczyrk"]
[Date "1899-12-30"]
[Round "2.82"]
[White "Tkaczyk, Weronika"]
[Black "Niemier, Martyna"]
[Result "1/2-1/2"]
[WhiteTitle "I++"]
[BlackTitle "II"]
[WhiteElo "1502"]
[BlackElo "1144"]

1. e4 e6 2. Nf3 d5 3. Nc3 d4 4. Ne2 c5 5. c3 Nc6 6. cxd4 cxd4 7. Qa4 Bc5 8. a3
Nf6 9. e5 Nd7 10. b4 Bb6 11. Bb2 O-O 12. Nexd4 Nxd4 13. Nxd4 Nxe5 14. Nc2 Nd3+
15. Bxd3 Qxd3 16. Ne3 Rd8 17. Qd1 Bd7 18. a4 Bc6 19. Rg1 Bd5 20. Bc3 Bc4 21. Nxc4
Qxc4 22. Qe2 Qxe2+ 23. Kxe2 Bd4 24. Rac1 Bxc3 25. dxc3 Rd5 26. f3 Rad8 27. Rgd1
f5 28. Rxd5 Rxd5 29. Rd1 Kf7 30. Rxd5 exd5 31. Ke3 Ke6 32. Kd4 Kd6 33. f4 h5 34.
c4 dxc4 35. Kxc4 Kc6 36. b5+ Kd6 37. a5 b6 1/2-1/2

[Event "Druzynowe Mistrzostwa Polski Juniorow 2018 - II Liga"]
[Site "Szczyrk"]
[Date "1899-12-30"]
[Round "2.83"]
[White "Gac-mytych, Sara"]
[Black "Wolszczak, Natalia"]
[Result "1-0"]
[WhiteTitle "III"]
[BlackTitle "II+"]
[WhiteElo "1000"]
[BlackElo "1079"]

1. e4 e5 2. Nf3 Nc6 3. Bb5 a6 4. Bxc6 dxc6 5. Nc3 Bc5 6. O-O Bg4 7. h3 Bh5 8. d3
Qd6 9. Qe2 Nf6 10. Be3 O-O 11. Rfd1 Rad8 12. Rd2 Bxe3 13. Qxe3 Bxf3 14. Qxf3 Qb4
15. Rad1 Qxb2 16. Ne2 Qxa2 17. c4 Qa3 18. Ng3 Qe7 19. Nf5 Qe6 20. Qg3 Ne8 21.
d4 exd4 22. Rxd4 Rxd4 23. Rxd4 Qg6 24. Ne7+ Kh8 25. Nxg6+ fxg6 26. Rd8 Kg8 27.
Qe5 Kf7 28. Rd7+ Kg8 29. Qe6+ Kh8 30. Rd8 h6 31. Rxe8 Rxe8 32. Qxe8+ Kh7 33. e5
b5 34. cxb5 cxb5 35. Qa8 c5 36. Qxa6 b4 37. Qc4 g5 38. Qxc5 b3 39. Qb4 Kg6 40.
Qxb3 h5 41. e6 Kf6 42. Qe3 Ke7 43. Qxg5+ Kxe6 44. Qxg7 h4 45. g3 hxg3 46. fxg3
Kf5 47. h4 Ke6 48. h5 Kf5 49. h6 Ke6 50. h7 Kf5 51. Rh8 Ke6 52. Rf8 Kd6 53. Re8
Kd5 54. Qd7+ Kc5 55. Rc8+ Kb4 56. Qb7+ Ka5 57. Ra8# 1-0

[Event "Druzynowe Mistrzostwa Polski Juniorow 2018 - II Liga"]
[Site "Szczyrk"]
[Date "1899-12-30"]
[Round "2.84"]
[White "Gazda, Dominik"]
[Black "Kulesza, Andrzej"]
[Result "0-1"]
[WhiteTitle "I"]
[BlackTitle "I"]
[WhiteElo "1567"]
[BlackElo "1918"]

1. e4 c5 2. Nf3 d6 3. d3 g6 4. g3 Bg7 5. Bg2 e5 6. O-O Nc6 7. c3 Nge7 8. Nbd2 O-O
9. Nc4 b5 10. Ne3 Rb8 11. Nh4 Be6 12. f4 exf4 13. gxf4 f5 14. exf5 gxf5 15. Qe1
Qd7 16. Nf3 Kh8 17. Ng5 Bg8 18. Qh4 Rf6 19. Bd2 Rh6 20. Qg3 d5 21. Rfe1 d4 22.
Nc2 Rd8 23. cxd4 Nxd4 24. Bc3 Nec6 25. Ne3 b4 26. Bd2 Ne7 27. Nc4 Nc2 28. Ne5
Bxe5 29. fxe5 Rg6 30. e6 Qd4+ 31. Be3 Nxe3 32. Rxe3 h6 33. Qh3 f4 34. Re1 fxe3
35. Be4 Rxg5+ 0-1

[Event "Druzynowe Mistrzostwa Polski Juniorow 2018 - II Liga"]
[Site "Szczyrk"]
[Date "1899-12-30"]
[Round "2.85"]
[White "Urbanski, Wojciech"]
[Black "Chodorowski, Adrian"]
[Result "1-0"]
[WhiteTitle "II"]
[BlackTitle "II"]
[WhiteElo "1560"]
[BlackElo "1287"]

1. e4 c5 2. Nf3 Nc6 3. d4 cxd4 4. Nxd4 g6 5. Be3 Bg7 6. Nc3 Nf6 7. Bc4 O-O 8. Bb3
d6 9. h3 Bd7 10. O-O Nxd4 11. Bxd4 Bc6 12. f4 Nd7 13. Bxg7 Kxg7 14. f5 Nc5 15.
Kh1 Nxb3 16. axb3 a6 17. Qd4+ f6 18. Ne2 g5 19. Qe3 h5 20. Nd4 Bd7 21. Rad1 Qa5
22. Nf3 Rad8 23. Nxg5 fxg5 24. Qxg5+ Kh8 25. Qxh5+ Kg8 26. Qg6+ Kh8 27. Rf4 1-0

[Event "Druzynowe Mistrzostwa Polski Juniorow 2018 - II Liga"]
[Site "Szczyrk"]
[Date "1899-12-30"]
[Round "2.86"]
[White "Guzik, Michal"]
[Black "Paprocki, Antoni"]
[Result "0-1"]
[WhiteTitle "II"]
[BlackTitle "I"]
[WhiteElo "1188"]
[BlackElo "1792"]

1. e4 c5 2. Nf3 d6 3. d4 cxd4 4. Nxd4 Nf6 5. Nc3 a6 6. Bc4 e6 7. Be3 Be7 8. O-O
Qc7 9. Bb3 O-O 10. f4 Nc6 11. Rf3 Na5 12. Rg3 Nxb3 13. cxb3 Re8 14. Rc1 Qa5 15.
Rg5 Qd8 16. Rg3 e5 17. fxe5 dxe5 18. Nf3 Qxd1+ 19. Rxd1 Nh5 20. Bf2 Nxg3 21. Bxg3
Bc5+ 22. Kf1 Bg4 23. Rd5 Bxf3 24. Rxc5 Bg4 25. Bxe5 Be6 26. Bf4 Rac8 27. Rg5 f6
28. Rg3 b5 29. e5 fxe5 30. Bxe5 Bc4+ 31. Kf2 Rxe5 32. bxc4 Rxc4 33. a3 a5 34.
Rd3 b4 35. axb4 axb4 36. Nd1 Rc2+ 37. Kf1 Ree2 38. Rg3 Red2 39. Ke1 Rxg2 40. Rxg2
Rxg2 41. Kf1 Rxh2 42. Nf2 g5 43. Kg1 Rh4 44. Kg2 h5 45. Nh3 Rg4+ 46. Kf3 Kg7 47.
Nf2 Rf4+ 48. Kg3 h4+ 49. Kg2 g4 50. Nd3 Rd4 51. Nf2 Kg6 52. Kg1 Kf5 53. Kg2 Rd2
54. Kg1 g3 55. Nh3 Kg4 56. Nf2+ gxf2+ 57. Kh2 Qf1# 0-1

[Event "Druzynowe Mistrzostwa Polski Juniorow 2018 - II Liga"]
[Site "Szczyrk"]
[Date "1899-12-30"]
[Round "2.87"]
[White "Jakubiec, Maurycy"]
[Black "Wegrzyn, Samuel"]
[Result "1-0"]
[WhiteTitle "IV"]
[BlackTitle "III"]
[WhiteElo "1000"]
[BlackElo "1136"]

1. e4 e5 2. Nf3 Nf6 3. Nc3 Bb4 4. a3 Bxc3 5. bxc3 Nc6 6. d3 d5 7. exd5 Nxd5 8.
c4 Nf6 9. Bb2 Qd6 10. Be2 O-O 11. O-O Re8 12. Nd2 Bf5 13. Bf3 Ne7 14. Bxb7 Rab8
15. Re1 Rxb7 16. Bxe5 Qc6 17. Nb3 Ng6 18. Na5 Qb6 19. Nxb7 Qxb7 20. Bxf6 Rxe1+
21. Qxe1 gxf6 22. f3 Qc6 23. Qf2 a6 24. a4 Qd6 25. Rb1 Kf8 26. Rb8+ Ke7 27. Qe3+
Ne5 28. f4 c6 29. Rb7+ Kd8 30. fxe5 fxe5 31. Rxf7 Qg6 32. Ra7 Bd7 33. Qxe5 Bh3
34. Qe7+ Kc8 35. Qc7# 1-0